Statistics for Countries Mentioned in history of the entire world, i guess

Click here to take the quiz!

General Stats

  • This quiz has been taken 42 times
  • The average score is 110 of 254

Answer Stats

OrderYearAnswer% Correct
3-2000--1600China
98%
1771949People's Republic of China
98%
1611911Republic of China
98%
1331556-1600Britain
95%
74650-786Brittonic Kingdoms
95%
1331556-1600France
95%
1321556Russia
93%
1831957-1963Egypt
90%
2-3300--2000Egypt
90%
1731947India
90%
1081050-1192Japan
88%
1391776United States
88%
1601911Germany
85%
15-800--671Greeks
83%
36-221-1Hellenistic Kingdoms
83%
1671922-1923Iraq
83%
72650-786Irish Kingdoms
83%
12-1600--1200Mycenaean Greeks
83%
1191324-1350Spain
83%
89882-1066Sweden
83%
1431812-1826Mexico
80%
1091231-1259Mongols
80%
89882-1066Norway
80%
391Roman Empire
80%
1651922Soviet Union / USSR
80%
1831957-1963Vietnam
80%
69650-786Angol / Saxon Kingdoms
78%
1351754Austria
78%
1621914Austria-Hungary
78%
1481812-1826Brazil
78%
1621914Italy
78%
1201324-1350Portugal
78%
1561884Ethiopia
75%
1831957-1963Ethiopia
75%
1761947Israel
75%
1741947Pakistan
75%
20-500Persian Empire
75%
1711923Turkey
75%
1791950North Korea
73%
1251453Ottoman Turks / Ottoman Empire
73%
89882-1066Poland
73%
1401788Australia
70%
1791950South Korea
70%
1461812-1826Chile
68%
89882-1066Denmark
68%
2411991Lithuania
68%
1281500Lithuania
68%
46300-320Malay
68%
1831957-1963Oman
68%
1541839-1857Oman
68%
1831957-1963South Africa
68%
89882-1066Hungary
65%
1721923-1929Saudi Arabia
65%
1831957-1963Sudan
65%
1571884Thailand
65%
1831957-1963Thailand
65%
1461812-1826Argentina
63%
1831957-1963Congo
63%
2411991Latvia
63%
89882-1066Scotland
63%
1261494-1500Aztec
60%
89882-1066England
60%
1831957-1963Indonesia
60%
2411991Kazakhstan
60%
26-330Macedonia
60%
1831957-1963Morocco
60%
1441812-1826Peru
60%
1831957-1963Somalia
60%
89882-1066Welsh States
60%
1831957-1963Algeria
58%
1751947Bangladesh
58%
1831957-1963Cambodia
58%
1031150Cambodia
58%
1831957-1963Central African Republic
58%
2411991Estonia
58%
1831957-1963Ghana
58%
53320-330Ghana Empire
58%
88882-1066Holy Roman Empire
58%
1831957-1963Laos
58%
1831957-1963Malaysia
58%
1831957-1963Mali
58%
1181324Mali
58%
1781949Taiwan
58%
2411991Ukraine
58%
2411991Armenia
55%
2411991Belarus
55%
1511812-1826Colombia
55%
55476Eastern Roman Empire / Byzantine Empire
55%
2411991Georgia
55%
1411791Haiti
55%
1271494-1500Inca
55%
2411991Moldova
55%
1831957-1963Niger
55%
1831957-1963Nigeria
55%
1831957-1963United Arab Emirates
55%
2411991Uzbekistan
55%
6-2000--1600Babylon
53%
16-800--671Carthage
53%
1831957-1963Guinea
53%
18-600Neo-Babylonian Empire
53%
1661922Palestine
53%
1671922-1923Syria
53%
1161259-1324The Great Zimbabwe
53%
1831957-1963Zimbabwe
53%
1831957-1963Gambia
50%
1831957-1963Kenya
50%
1831957-1963Libya
50%
1831957-1963Madagascar
50%
1831957-1963Mozambique
50%
1581898-1908Panama
50%
2411991Tajikistan
50%
1831957-1963Tunisia
50%
1511812-1826Venezuela
50%
2411991Azerbaijan
48%
1831957-1963Benin
48%
1831957-1963Burma
48%
1831957-1963Chad
48%
2411991Kyrgyzstan
48%
1831957-1963Liberia
48%
1831957-1963Mauritania
48%
1-5000--3300Mesopotamia
48%
1831957-1963Tanzania
48%
1831957-1963Zambia
48%
1491812-1826Bolivia
45%
1831957-1963Botswana
45%
1511812-1826Ecuador
45%
1831957-1963Gabon
45%
1041150Khmer
45%
1671922-1923Lebanon
45%
1831957-1963Namibia
45%
1441812-1826Paraguay
45%
13-1150--800Phoenicians
45%
1831957-1963Senegal
45%
1831957-1963Sierra Leone
45%
2411991Turkmenistan
45%
1501812-1826Uruguay
45%
6-2000--1600Assyria
43%
1621914Bulgaria
43%
1831957-1963Guinea-Bissau
43%
1211350-1400Ming Dynasty
43%
1351754Prussia
43%
21-475Qi
43%
21-475Qin
43%
34-221Qin Dynasty
43%
1831957-1963Rwanda
43%
1831957-1963Singapore
43%
1151259-1324Tu'i Tonga Empire
43%
1831957-1963Burundi
40%
1831957-1963Equatorial Guinea
40%
4-2000--1600Indus River Valley Civilization
40%
1831957-1963Jordan
40%
1831957-1963Lesotho
40%
1831957-1963Swaziland
40%
82786-800Tibet
40%
1831957-1963Uganda
40%
1831957-1963Cameroon
38%
1831957-1963Côte d'Ivoire
38%
1241400-1450Mahajapit / Majahapit / Mapajahit / Mahapajit / Mapajahit / Majapahit
38%
1831957-1963Angola
35%
1421812-1826Gran Colombia
35%
1831957-1963Malawi
35%
1591911Qing Dynasty
35%
1551839-1857Zanzibar
35%
981099Venice
33%
83800Franks
30%
70650-786Bavaria
28%
1101259Golden Horde
28%
87882Kievan Rus
28%
5-2000--1600Norte Chico
28%
14-1150--800Olmec
28%
77650-786Samo's Kingdom
28%
33-305--221Tamil Kings
28%
1831957-1963Zaire
28%
981099Genoa
25%
21-475Jin
25%
49320Jin
25%
48280Jin Dynasty
25%
1291500Muscovy
25%
1811957-1963North Vietnam
25%
1811957-1963South Vietnam
25%
56476-576The Mayans
25%
1141259-1324Delhi Sultanate
23%
38-221-1Judea
23%
1101259Yuan
23%
84800-882East Francia
20%
1301500-1501Timurids
20%
1001100Toltecs
20%
84800-882West Francia
20%
41220Wu
20%
21-475Chu
18%
54400Gupta Empire
18%
79650-786Moors
18%
72650-786Visigoth
18%
9-1600--1200Hittite
15%
19-580Median Empire
15%
27-330--305Seleucus
15%
971071Seljuk Turks
15%
1831957-1963South Yemen
15%
32-305The Mauryan Empire
15%
41220Wei
15%
70650-786Wessex
15%
1831957-1963Western Sahara
15%
35-221-1Xiongnu Confederacy
15%
21-475Yan
15%
6-2000--1600Elam
13%
57576Göktürks
13%
1351754Iroquois
13%
1011100Mississippi
13%
10-1600--1200Mitanni
13%
1051150Pagan
13%
37-221-1Parthia
13%
66650Rashidun Caliphate
13%
80786-800Swahili
13%
1831957-1963Upper Volta
13%
17-671Assyrian Empire
10%
46300-320Bantu
10%
1101259Ilkhanate
10%
76650-786Lombard
10%
86800-882Northerners / Norse
10%
27-330--305Ptolemy
10%
1021100Pueblo
10%
44225Sassanid
10%
41220Shu
10%
27-330--305Antigonus
8%
67650-786Avar
8%
62576-610Baekje
8%
27-330--305Cassander
8%
1061050-1192Đại Việt
8%
4030-220Funan
8%
62576-610Goguryeo
8%
1351754Hanover
8%
10-1600--1200Hyksos
8%
49320Liang
8%
27-330--305Lysimachus
8%
62576-610Silla
8%
81786-800Srivijaya Empire
8%
58576-610Sui Dynasty
8%
49320Zhao
8%
67650-786Aquitane
5%
74650-786Austrasia
5%
45300Axum Empire
5%
1221400Ayutthaya
5%
1101259Chagatai
5%
59576-610Champa
5%
49320Cheng Han
5%
59576-610Chenla
5%
59576-610Dvaravati
5%
1071050-1192Goryeo
5%
1171259-1324Kanem Empire
5%
77650-786Neustria
5%
1311501Safavid Dynasty
5%
1671922-1923Transjordan
5%
65576-610Yamato
5%
1231400Lan Xang
3%

Score Distribution

Percentile by Number Answered

Percent of People with Each Score

Your Score History

You have not taken this quiz